000 00434nam a22001697a 4500
003 OSt
005 20211207101140.0
008 211207b |||||||| |||| 00| 0 eng d
020 _a978-0-13-513732-1
040 _aDDC
_cHU
082 _22ND
_a616.150076
_b1
100 _aSHIRLYN B. MCKENZIE
_921938
245 _aCLINICAL LABORATOROY HEMATOLOGY
250 _a2ND
260 _aBOSTON
_bELIZABETH ZEIBIG
_c2010
942 _2ddc
_cBOOKS
_n0
999 _c21606
_d21606